LEADER 00924nam0-2200289---450- 001 990009421220403321 005 20110912133653.0 035 $a000942122 035 $aFED01000942122 035 $a(Aleph)000942122FED01 035 $a000942122 100 $a20110912g18491854km-y0itay50------ba 101 0 $aita 102 $aIT 105 $af-------001yy 200 1 $aFauna del Regno di Napoli$eossia enumerazione di tutti gli animali che abitano le diverse regioni di questo Regno e le acque che le bagnano$eColeotteri 210 $aNapoli$cdalla stamperia di Gaetano Sautto$d1849-1854 215 $a1 v., 24 tav.$d27 cm 300 $aPaginazione varia 700 1$aCosta,$bOronzio Gabriele$f<1787-1868>$078345 801 0$aIT$bUNINA$gRICA$2UNIMARC 901 $aBK 912 $a990009421220403321 952 $aGM1 DeLo 0041$b99$fGM1 959 $aGM1 996 $aFauna del Regno di Napoli$9406507 997 $aUNINA LEADER 01111nam0-2200361li-450 001 990000248610203316 005 20180312154751.0 035 $a0024861 035 $aUSA010024861 035 $a(ALEPH)000024861USA01 035 $a0024861 100 $a2001996121957-------y0itay0103----ba 101 0 $aeng 102 $aUS 200 1 $aDictionary of conformal representations$fH. Kober 210 $aNew York$cDover Publications$dcopyr. 1957 215 $aXVI, 208 p.$cill.$d22 cm. 610 1 $afunzioni algebriche 610 1 $atrasformazioni 676 $a51274$9Teoria dei numeri (Algebrica) 700 1$aKober,$bH.$02607 801 $aSistema bibliotecario di Ateneo dell' Università di Salerno$gRICA 912 $a990000248610203316 951 $a512.74 KOB$b16575/CBS$c512.74$d00220106 959 $aBK 969 $aSCI 979 $c19961203 979 $c20001110$lUSA01$h1715 979 $c20020403$lUSA01$h1633 979 $aPATRY$b90$c20040406$lUSA01$h1618 979 $aRSIAV6$b90$c20090512$lUSA01$h0919 996 $aDictionary of conformal representations$9106058 997 $aUNISA